Estimation of edge infection probabilities in the inverse infection problem

Several methods have been proposed recently to estimate the edge infection probabilities in infection or diffusion models. In this paper we will use the framework of theGeneralized Cascade Model to define the Inverse Infection Problem—the problem of calculating these probabilities.We are going to sh...

Teljes leírás

Elmentve itt :
Bibliográfiai részletek
Szerzők: Bóta András
Krész Miklós
Pluhár András
Dokumentumtípus: Cikk
Megjelent: 2016
Sorozat:STUDIES IN COMPUTATIONAL INTELLIGENCE 610
Tárgyszavak:
doi:10.1007/978-3-319-21133-6_2

mtmt:2927786
Online Access:http://publicatio.bibl.u-szeged.hu/26061
LEADER 02123nab a2200277 i 4500
001 publ26061
005 20230110101908.0
008 230110s2016 hu o 0|| Angol d
020 |a 9783319211329 
022 |a 1860-949X 
024 7 |a 10.1007/978-3-319-21133-6_2  |2 doi 
024 7 |a 2927786  |2 mtmt 
040 |a SZTE Publicatio Repozitórium  |b hun 
041 |a Angol 
100 1 |a Bóta András 
245 1 0 |a Estimation of edge infection probabilities in the inverse infection problem  |h [elektronikus dokumentum] /  |c  Bóta András 
260 |c 2016 
300 |a 17-36 
490 0 |a STUDIES IN COMPUTATIONAL INTELLIGENCE  |v 610 
520 3 |a Several methods have been proposed recently to estimate the edge infection probabilities in infection or diffusion models. In this paper we will use the framework of theGeneralized Cascade Model to define the Inverse Infection Problem—the problem of calculating these probabilities.We are going to showthat the problem can be reduced to an optimization task and we will give a particle swarm based method as a solution.We will show, that direct estimation of the separate edge infection values is possible, although only on small graphs with a few thousand edges. To reduce the dimensionality of the task, the edge infection values can be considered as functions of known attributes on the vertices or edges of the graph, this way only the unknown coefficients of these functions have to be estimated. We are going to evaluate our method on artificially created infection scenarios. Our main points of interest are the accuracy and stability of the estimation. © Springer International Publishing Switzerland 2016. 
650 4 |a Számítás- és információtudomány 
700 0 1 |a Krész Miklós  |e aut 
700 0 1 |a Pluhár András  |e aut 
856 4 0 |u http://publicatio.bibl.u-szeged.hu/26061/1/inv_infection_chapter_ToC.pdf  |z Dokumentum-elérés  
856 4 0 |u http://publicatio.bibl.u-szeged.hu/26061/2/EstimationofEdgeInfectionProbabilities.pdf  |z Dokumentum-elérés  
856 4 0 |u http://publicatio.bibl.u-szeged.hu/26061/3/Inv_infection_chapter_bookcover.pdf  |z Dokumentum-elérés